Pre život náš každodenný kancelársky

Práca v otvorených kanceláriách a jej dopady na bezpečnosť a ochranu zdravia pri práci. Pracovné prostredie a kvalitné vybavenie kancelárií v súčasnosti. Pracovné podmienky a nové informačné technológie.

Na minha lista:
Detalhes bibliográficos
Autor principal: Hudec, Marián
Formato: Capítulo de Livro
Idioma:eslovaco
Assuntos:
Tags: Adicionar Tag
Sem tags, seja o primeiro a adicionar uma tag!

MARC

LEADER 00000naa a2200000 4500
001 0172148
005 20231011123300.4
041 0 |a slo 
044 |a SK 
245 1 0 |a Pre život náš každodenný kancelársky  |c Marián Hudec 
520 |a Práca v otvorených kanceláriách a jej dopady na bezpečnosť a ochranu zdravia pri práci. Pracovné prostredie a kvalitné vybavenie kancelárií v súčasnosti. Pracovné podmienky a nové informačné technológie. 
610 2 0 |a ergonómia 
610 2 0 |a prostredie pracovné 
610 2 0 |a podmienky pracovné 
610 2 0 |a fyziológia práce 
610 2 0 |a kultúra pracoviska 
610 2 0 |a bezpečnosť práce 
100 1 |a Hudec, Marián